| 000 | 01419cam a22003014a 4500 | ||
|---|---|---|---|
| 999 |
_c330562 _d330562 |
||
| 001 | 12785073 | ||
| 003 | NUST | ||
| 005 | 20170720121640.0 | ||
| 008 | 020522s2002 nyua bf 001 0 eng | ||
| 010 | _a 2002071755 | ||
| 020 | _a0071375082 | ||
| 040 |
_aDLC _cDLC _dDLC |
||
| 042 | _apcc | ||
| 050 | 0 | 0 |
_aTJ898 _b.A38 2002 |
| 082 | 0 | 0 |
_a621.8672 ABU _221 |
| 100 | 1 |
_aAbulnaga, Baha E. _93495 |
|
| 245 | 1 | 0 |
_aSlurry systems handbook / _cBaha E. Abulnaga. |
| 260 |
_aNew York : _bMcGraw-Hill, _cc2002. |
||
| 300 |
_a1 v. (various pagings) : _bill. ; _c24 cm. |
||
| 490 | 0 | _aMcGraw-Hill handbooks | |
| 500 | _aH.B | ||
| 504 | _aIncludes bibliographical references and index. | ||
| 650 | 0 |
_aHydraulic conveying _vHandbooks, manuals, etc. _93496 |
|
| 650 | 0 |
_aSlurry pipelines _vHandbooks, manuals, etc. _93497 |
|
| 856 | 4 | 2 |
_3Contributor biographical information _uhttp://www.loc.gov/catdir/bios/mh041/2002071755.html |
| 856 | 4 | 2 |
_3Publisher description _uhttp://www.loc.gov/catdir/description/mh024/2002071755.html |
| 856 | 4 | 1 |
_3Table of contents _uhttp://www.loc.gov/catdir/toc/mh023/2002071755.html |
| 906 |
_a7 _bcbc _corignew _d1 _eocip _f20 _gy-gencatlg |
||
| 942 |
_2ddc _cBK _kIESE |
||